000 01368cam a2200385 a 4500
001 707383
003 OSt
005 20260408120549.0
008 970224s1998 cau b 001 0 eng
010 _a 97007428
020 _a0534264786
_qalk. paper
020 _a9780534264789
_q(alk. paper)
035 _a707383
040 _aDLC
_cDLC
_dDLC
043 _an-us---
050 0 0 _aHV9104
_b.C39 1998
082 0 0 _a364.36/082
_221
100 1 _aChesney-Lind, Meda.
245 1 0 _aGirls, delinquency, and juvenile justice /
_cMeda Chesney-Lind, Randall G. Shelden.
250 _a2nd ed.
260 _aBelmont, CA :
_bWest/Wadsworth,
_cc1998.
300 _axxi, 272 p. ;
_c24 cm.
336 _atext
_btxt
_2rdacontent
337 _aunmediated
_bn
_2rdamedia
338 _avolume
_bnc
_2rdacarrier
440 0 _aContemporary issues in crime and justice series
504 _aIncludes bibliographical references (p. 245-260) and indexes.
650 0 _aFemale juvenile delinquents
_zUnited States.
650 0 _aJuvenile justice, Administration of
_zUnited States.
700 1 _aShelden, Randall G.,
_d1943-
906 _a7
_bcbc
_corignew
_d1
_eocip
_f19
_gy-gencatlg
942 _2lcc
_cBK
999 _c266138
_d266137